| 000 | 01171cam a2200325 4500 | ||
|---|---|---|---|
| 001 | 23938 | ||
| 003 | BD-RjUL | ||
| 005 | 20211209001004.0 | ||
| 008 | 140312s19611933enkc b 001 0 eng | ||
| 035 | _a(BD-RjUL)24003 | ||
| 040 |
_aDLC _cDLC _beng |
||
| 041 | _aeng | ||
| 082 |
_a920 _bKEE 1961 |
||
| 100 | 1 |
_aKeynes, John Maynard, _d1883-1946. _96591 |
|
| 245 | 1 | 0 |
_aEssays in biography : _bNew ed., with three additional essays / _cby John Maynard Keynes ; edited by Geoffrey Keynes. |
| 250 | _a2nd.ed. | ||
| 260 |
_aLondon : _bR. Hart-Davis, _cc1951 [mercury books 1961] |
||
| 300 |
_a354 p. : _bIll.. ; _c19 cm. |
||
| 490 | 1 |
_aMercury Books ; _vNo. 7. |
|
| 500 | _a"Paperback Books Published In 1961 By Mercury Books and this book has a Series title :Mercury Books ; No. 7." | ||
| 504 | _aIncludes bibliographical references (p. 348) and index. | ||
| 650 | 0 |
_aStatesmen _zGreat Britain. _973710 |
|
| 650 | 0 |
_aEconomists _zGreat Britain. _96592 |
|
| 651 | 0 |
_aGreat Britain _vBiography. _946028 |
|
| 700 |
_a Keynes, Geoffrey ,ed. _998311 |
||
| 830 |
_aMercury Books ; No. 7. _998312 |
||
| 942 |
_2ddc _cBK |
||
| 999 |
_c23938 _d23938 |
||